00892naa a2200169 i 45000010005000000030009000050050017000140080039000310400029000701000141000992450074002406500030003147000139003447730211004839420013006949990015007079953KOSZ 00520180412115021.0180412s1986 pl f |000 0 pol cKOSZ 005/HRaKOSZ 005/HR1 aCHARUN, Henryk.d1982 - 1996.bWyższa Szkoła Inżynierska w Koszalinie - Wydział Mechaniczny,cZakład Termodynamiki i Chłodnictwa10aOznaczanie lepkości paliw i smarów /cHenryk Charun, Jerzy Baran. 0aTermodynamika techniczna.1 aBARAN, Jerzy.d1982 - 1985.bWyższa Szkoła Inżynierska w Koszalinie - Wydział Mechaniczny,cZakład Termodynamiki i Chłodnictwa0 iW :tMateriały pomocnicze do ćwiczeń laboratoryjnych z podstaw techniki cieplnej. Cz. 2 / pod red. Mariana Czapp. - dKoszalin : Wydaw. Uczelniane Wyższej Szkoły Inżynierskiej, 1986. -gs. 315-345 cROZ2UKD c9953d9953